[Event "4NCL/Div1/WGR1 vs. GUI1"]
[Site "West Bromwich ENG"]
[Date "2005.05.02"]
[Round "11.4"]
[White "Sutovsky, Emil"]
[Black "Sokolov, Ivan"]
[Result "1-0"]
[WhiteElo "2665"]
[BlackElo "2662"]
[PlyCount "73"]
[EventDate "2005.05.02"]
[SourceDate "2004.09.21"]

1. e4 e5 2. Nf3 Nc6 3. Bb5 a6 4. Ba4 Nf6 5. O-O Nxe4 6. d4 b5 7. Bb3 d5 8. dxe5
Be6 9. Nbd2 Nc5 10. c3 Bg4 11. Bc2 Ne6 12. Re1 Bc5 13. Nf1 Bh5 14. b4 Bb6 15.
Ng3 Bg6 16. h4 d4 17. Bg5 Bxc2 18. Qxc2 Qd5 19. Nh5 Qc4 20. Nd2 d3 21. Qd1 Qd5
22. Ne4 Kf8 23. Nef6 gxf6 24. Nxf6 Qc4 25. Re4 Ncd4 26. Bh6+ Ke7 27. cxd4 Nxd4
28. Rc1 Qxa2 29. Rxd4 Rhd8 30. Rf4 d2 31. Rc3 Qa4 32. Ng8+ Ke8 33. Nf6+ Ke7 34.
Nd5+ Rxd5 35. Rxf7+ Kd8 36. Rf8+ Ke7 37. Bg5+ 1-0

[Event "4NCL/Div1/WGR1 vs. GUI1"]
[Site "West Bromwich ENG"]
[Date "2005.05.02"]
[Round "11.5"]
[White "Nielsen, Peter Heine"]
[Black "Rowson, Jonathan"]
[Result "1/2-1/2"]
[WhiteElo "2653"]
[BlackElo "2572"]
[PlyCount "88"]
[EventDate "2005.05.02"]
[SourceDate "2004.09.21"]

1. d4 Nf6 2. c4 g6 3. g3 Bg7 4. Bg2 d5 5. cxd5 Nxd5 6. Nf3 Nb6 7. Nc3 Nc6 8. e3
O-O 9. O-O Re8 10. d5 Na5 11. Nd4 Bd7 12. e4 c6 13. Re1 cxd5 14. exd5 Nbc4 15.
b3 e5 16. dxe6 Bxe6 17. Nxe6 Rxe6 18. Rxe6 Bxc3 19. Qxd8+ Rxd8 20. Bg5 fxe6 21.
Bxd8 Bxa1 22. bxc4 Nc6 23. Bg5 Bd4 24. Kf1 Na5 25. Ke2 Kf7 26. g4 Bc5 27. f4
Nc6 28. Bh4 Nb4 29. a4 b6 30. Be4 Bd6 31. Kf3 Na6 32. Bf2 Nc5 33. Bc2 a5 34.
Bd4 h6 35. h3 Bc7 36. h4 Bd6 37. h5 gxh5 38. gxh5 Bc7 39. Kg4 Bd6 40. Bc3 Nd7
41. Bg6+ Kf8 42. f5 Ne5+ 43. Bxe5 Bxe5 44. fxe6 Ke7 1/2-1/2

[Event "4NCL/Div1/WGR1 vs. GUI1"]
[Site "West Bromwich ENG"]
[Date "2005.05.02"]
[Round "11.6"]
[White "Hebden, Mark L"]
[Black "McShane, Luke"]
[Result "1/2-1/2"]
[WhiteElo "2514"]
[BlackElo "2620"]
[PlyCount "82"]
[EventDate "2005.05.02"]
[SourceDate "2004.09.21"]

1. d4 Nf6 2. Nf3 g6 3. Nc3 d5 4. Bf4 Bg7 5. e3 O-O 6. Be2 c6 7. h3 Nbd7 8. a4
a5 9. O-O b6 10. Bh2 Bb7 11. Ne5 e6 12. Rb1 Qe7 13. Na2 Rfc8 14. c4 Nxe5 15.
Bxe5 dxc4 16. Bxc4 c5 17. Nc3 Rd8 18. Qb3 cxd4 19. Bxd4 Nd7 20. Rbd1 Rac8 21.
Bxg7 Kxg7 22. Be2 Qg5 23. e4 Qc5 24. Rfe1 Ne5 25. Qb5 g5 26. Qxc5 bxc5 27. f3
Rd4 28. Nb5 Rxa4 29. Nd6 Rb8 30. Rc1 Rd4 31. Rxc5 Kf6 32. Nc4 Nxc4 33. Bxc4 Rc8
34. Rxc8 Bxc8 35. Rc1 Bd7 36. b3 h5 37. Bf1 Rb4 38. Rc5 Rxb3 39. Rxa5 h4 40.
Ra7 Bc6 41. Rc7 Be8 1/2-1/2

[Event "4NCL/Div1/WGR1 vs. GUI1"]
[Site "West Bromwich ENG"]
[Date "2005.05.02"]
[Round "11.8"]
[White "Krush, Irina"]
[Black "Cramling, Pia"]
[Result "1/2-1/2"]
[WhiteElo "2455"]
[BlackElo "2499"]
[PlyCount "59"]
[EventDate "2005.05.02"]
[SourceDate "2004.09.21"]

1. d4 d5 2. c4 c6 3. Nf3 Nf6 4. Nc3 dxc4 5. a4 Bf5 6. Ne5 Na6 7. e3 Nb4 8. Bxc4
e6 9. O-O Bd6 10. Qe2 Nc2 11. Rb1 Bxe5 12. dxe5 Ng4 13. Ne4 Bxe4 14. Qxg4 Bg6
15. b4 Qc7 16. Qg3 O-O 17. Rb2 b5 18. axb5 cxb5 19. Bxb5 Rab8 20. Be2 Nxb4 21.
Bd2 a5 22. Rc1 Qd7 23. h4 h5 24. Qg5 Nd3 25. Rxb8 Rxb8 26. Bxd3 Qxd3 27. Bxa5
Qa3 28. Bd2 Qb2 29. e4 Qd4 30. Qe3 1/2-1/2

[Event "4NCL/Div1/RICA vs. GUI2"]
[Site "West Bromwich ENG"]
[Date "2005.05.02"]
[Round "11.1"]
[White "Hinks-Edwards, Thomas"]
[Black "Kosten, Anthony C"]
[Result "1/2-1/2"]
[WhiteElo "2356"]
[BlackElo "2537"]
[PlyCount "138"]
[EventDate "2005.05.02"]
[SourceDate "2004.09.21"]

1. e4 e6 2. d4 d5 3. Nc3 Nf6 4. e5 Nfd7 5. f4 c5 6. Nf3 a6 7. Be3 Qb6 8. Qd2
Qxb2 9. Rb1 Qa3 10. Be2 Nc6 11. O-O cxd4 12. Nxd4 Nxd4 13. Bxd4 Bc5 14. Kh1
Bxd4 15. Qxd4 Qc5 16. Qd2 O-O 17. Bd3 f5 18. exf6 Nxf6 19. Na4 Qc7 20. Nb6 Rb8
21. Qe3 Bd7 22. Nxd7 Qxd7 23. Rb6 Rbe8 24. Re1 Ng4 25. Qg3 Qc7 26. Rbxe6 Rxe6
27. Rxe6 Qxf4 28. Qxf4 Rxf4 29. Rb6 Ne5 30. Kg1 Rf7 31. Re6 Nxd3 32. cxd3 Rf6
33. Re7 Rb6 34. a4 Rb4 35. a5 h6 36. Rd7 Rb5 37. Kf2 Kh7 38. Ke3 Kg6 39. h3
Rxa5 40. Rxb7 Ra2 41. Kf3 Kf6 42. Rd7 Ra5 43. Ke3 h5 44. g3 g6 45. Rd6+ Kf5 46.
Rc6 Ra4 47. Rd6 d4+ 48. Kf3 a5 49. Rd5+ Ke6 50. Rg5 Kf6 51. Rd5 Ra1 52. Rxd4 a4
53. Rd6+ Kf5 54. Rd5+ Ke6 55. Ra5 a3 56. h4 Kd6 57. Kg2 Kc6 58. d4 Kb6 59. Ra8
Kb5 60. d5 Kc5 61. Ra6 Kxd5 62. Rxg6 Rb1 63. Ra6 Rb3 64. g4 hxg4 65. h5 Rh3 66.
Ra4 Kc5 67. Rxg4 Rxh5 68. Ra4 Rg5+ 69. Kf2 Rf5+ 1/2-1/2

[Event "4NCL/Div1/RICA vs. GUI2"]
[Site "West Bromwich ENG"]
[Date "2005.05.02"]
[Round "11.2"]
[White "Gallagher, Joseph G"]
[Black "Quinn, Mark"]
[Result "0-1"]
[WhiteElo "2535"]
[BlackElo "2395"]
[PlyCount "84"]
[EventDate "2005.05.02"]
[SourceDate "2004.09.21"]

1. e4 c5 2. Nf3 Nc6 3. Bb5 g6 4. O-O Bg7 5. c3 Nf6 6. Qa4 Qc7 7. Re1 Ng4 8. h3
Nge5 9. Nh2 a6 10. Bf1 b5 11. Qd1 d6 12. d3 f5 13. exf5 Bxf5 14. f4 Nf7 15. Ng4
O-O 16. Nd2 {(=)} d5 17. Nf3 d4 18. cxd4 Bxg4 19. hxg4 Nxd4 20. Rb1 Nh6 21. Re4
Qd7 22. g5 Ng4 23. Nh2 Nxh2 24. Kxh2 Qd5 25. b3 e5 26. g3 Rad8 27. Bb2 exf4 28.
gxf4 Rxf4 29. Rxf4 Be5 30. Qg4 Rf8 31. Bg2 Qd6 32. Rbf1 Rxf4 33. Rxf4 Bxf4+ 34.
Kh3 Ne6 35. Bf6 Qxd3+ 36. Kh4 Kf7 37. Bh3 Qe4 38. Bg2 Qe1+ 39. Kh3 Qe3+ 40. Kh4
Qf2+ 41. Kh3 Qe3+ 42. Kh4 h6 0-1

[Event "4NCL/Div1/RICA vs. GUI2"]
[Site "West Bromwich ENG"]
[Date "2005.05.02"]
[Round "11.4"]
[White "King, Daniel J"]
[Black "Bates, Richard A"]
[Result "1-0"]
[WhiteElo "2517"]
[BlackElo "2377"]
[PlyCount "77"]
[EventDate "2005.05.02"]
[SourceDate "2004.09.21"]

1. e4 c5 2. Nf3 d6 3. d4 cxd4 4. Qxd4 a6 5. c4 Nc6 6. Qd2 Nf6 7. Nc3 g6 8. h3
Bg7 9. Be2 O-O 10. O-O Bd7 11. Rb1 Rb8 12. Re1 Qa5 13. a3 Ne5 14. Nd5 Nxf3+ 15.
Bxf3 Qd8 16. b4 Nxd5 17. cxd5 Qc7 18. Bb2 Rfc8 19. Rbc1 Qb6 20. Bxg7 Kxg7 21.
Bg4 Qd8 22. Rc3 f6 23. Bxd7 Qxd7 24. Rec1 Kf7 25. Qc2 Rxc3 26. Qxc3 Ke8 27. g4
Kd8 28. g5 Rc8 29. Qxc8+ Qxc8 30. Rxc8+ Kxc8 31. h4 Kd7 32. f4 Ke8 33. Kf2 b5
34. f5 Kf7 35. Kf3 h6 36. fxg6+ Kxg6 37. gxh6 Kxh6 38. Kg4 Kg6 39. h5+ 1-0

[Event "4NCL/Div1/RICA vs. GUI2"]
[Site "West Bromwich ENG"]
[Date "2005.05.02"]
[Round "11.5"]
[White "Van der Griendt, Jan W"]
[Black "Shaw, John K"]
[Result "1-0"]
[WhiteElo "2373"]
[BlackElo "2454"]
[PlyCount "105"]
[EventDate "2005.05.02"]
[SourceDate "2004.09.21"]

1. d4 d5 2. c4 c6 3. Nf3 Nf6 4. Nc3 dxc4 5. a4 Bf5 6. Ne5 Nbd7 7. Nxc4 Nb6 8.
Ne5 a5 9. g3 e6 10. Bg2 Bb4 11. O-O O-O 12. e3 h6 13. Qb3 Bh7 14. Rd1 Rc8 15.
Na2 Nbd5 16. f3 Qb6 17. Nc4 Qa6 18. Bf1 b5 19. Ne5 Qb6 20. e4 Bd6 21. Kh1 Nb4
22. Nxb4 Bxb4 23. Be3 Qb7 24. Nd3 Be7 25. axb5 cxb5 26. Nc5 Bxc5 27. dxc5 a4
28. Rxa4 Nxe4 29. Rxe4 Bxe4 30. fxe4 Qxe4+ 31. Bg2 Qg4 32. Re1 b4 33. Bg1 Rfd8
34. Bf3 Qf5 35. Be4 Qg4 36. c6 Kh8 37. Bf3 Qf5 38. Bg2 Rd2 39. Qxb4 Rxg2 40.
Kxg2 Rxc6 41. Bd4 Rc2+ 42. Kg1 Kh7 43. Qb7 e5 44. Ba7 f6 45. b4 Rc4 46. Bf2 h5
47. b5 e4 48. b6 h4 49. Qb8 g5 50. Qa7+ Kg6 51. b7 h3 52. b8=Q Qf3 53. Qe8+ 1-0

[Event "4NCL/Div1/RICA vs. GUI2"]
[Site "West Bromwich ENG"]
[Date "2005.05.02"]
[Round "11.6"]
[White "Flear, Glenn C"]
[Black "Wall, Gavin"]
[Result "1-0"]
[WhiteElo "2475"]
[BlackElo "2368"]
[PlyCount "47"]
[EventDate "2005.05.02"]
[SourceDate "2004.09.21"]

1. d4 f5 2. g3 Nf6 3. Bg2 g6 4. Nf3 Bg7 5. O-O O-O 6. c4 d6 7. Nc3 Qe8 8. b3 e5
9. dxe5 dxe5 10. e4 Nc6 11. Nd5 Qd7 12. Ba3 Re8 13. exf5 gxf5 14. Ng5 e4 15.
Nxf6+ Bxf6 16. Qh5 Bxa1 17. Rxa1 Rd8 18. Bb2 Qe7 19. Re1 Nd4 20. Bxe4 fxe4 21.
Rxe4 Qg7 22. Bxd4 Qg6 23. Qxg6+ hxg6 24. Rh4 1-0

[Event "4NCL/Div1/RICA vs. GUI2"]
[Site "West Bromwich ENG"]
[Date "2005.05.02"]
[Round "11.7"]
[White "Mitchem, Nicholas D"]
[Black "Cherniaev, Alexander"]
[Result "1/2-1/2"]
[WhiteElo "2060"]
[BlackElo "2469"]
[PlyCount "63"]
[EventDate "2005.05.02"]
[SourceDate "2004.09.21"]

1. d4 f5 2. e4 fxe4 3. Nc3 Nf6 4. Bg5 Nc6 5. d5 Ne5 6. Qd4 Nf7 7. h4 e5 8. dxe6
dxe6 9. Qxd8+ Nxd8 10. Bxf6 gxf6 11. Nxe4 Be7 12. Nf3 Nc6 13. c3 Bd7 14. Bc4
Na5 15. Bd3 c5 16. Ned2 O-O-O 17. O-O-O e5 18. Nc4 Nxc4 19. Bxc4 Bg4 20. Rxd8+
Rxd8 21. Nd2 Bf8 22. f3 Bf5 23. g4 Bg6 24. h5 Bd3 25. Bxd3 Rxd3 26. Kc2 Re3 27.
Rf1 Be7 28. Nc4 Re2+ 29. Kd3 Rh2 30. a4 Kd7 31. b3 Bd8 32. Rd1 1/2-1/2

[Event "4NCL/Div1/RICA vs. GUI2"]
[Site "West Bromwich ENG"]
[Date "2005.05.02"]
[Round "11.8"]
[White "Yurenok, Maria S"]
[Black "Wilson, Alexandra"]
[Result "1/2-1/2"]
[WhiteElo "2078"]
[BlackElo "2058"]
[PlyCount "107"]
[EventDate "2005.05.02"]
[SourceDate "2004.09.21"]

1. d4 Nf6 2. Nf3 g6 3. Bg5 Bg7 4. Nbd2 d5 5. e3 O-O 6. Bd3 Nbd7 7. O-O Re8 8.
c3 c6 9. Re1 e5 10. e4 Qc7 11. dxe5 Ng4 12. exd5 Ndxe5 13. Qc2 Bd7 14. h3 Nxd3
15. Qxd3 Ne5 16. Nxe5 Rxe5 17. Rxe5 Qxe5 18. Nf3 Qxd5 19. Qxd5 cxd5 20. Rd1 Bc6
21. Nd4 Re8 22. Be3 f5 23. Kf1 Re4 24. g3 a6 25. Rd2 Be5 26. Nxc6 bxc6 27. Bd4
Bd6 28. f3 Re7 29. Kf2 Re6 30. Rd1 c5 31. Be3 Bxg3+ 32. Kxg3 Rxe3 33. Rxd5 Re2
34. Rxc5 Rxb2 35. Ra5 Rb6 36. c4 Rc6 37. Kf2 Rxc4 38. Rxa6 Kf7 39. a4 Ke7 40.
Ra7+ Kd6 41. Rxh7 Rxa4 42. Rg7 Ke5 43. Rxg6 Kf4 44. Re6 Ra3 45. Re2 Rxf3+ 46.
Kg2 Rg3+ 47. Kh2 Rd3 48. Rf2+ Kg5 49. Kg2 f4 50. Rf3 Rd2+ 51. Rf2 Rd5 52. Ra2
Kf5 53. Ra3 Ke4 54. Ra4+ 1/2-1/2